| 000 | 00680cam a2200229 4500 | ||
|---|---|---|---|
| 008 | 000000n2000 000 0 eng u | ||
| 020 | _a1860813720 | ||
| 035 | _a(Sirsi) u106151 | ||
| 050 | _a693.1 | ||
| 100 | _aYates, T.J.S | ||
| 110 | _aBuilding Research Establishment | ||
| 245 | _aFlooring, paving and setts requirements for safety in use. | ||
| 260 |
_aLondon _bCRC _c2000 |
||
| 300 | _a8p. ; 30cm. | ||
| 490 |
_aInformation Paper _v10/00 |
||
| 650 | _aBUILT ENVIRONMENT-BUILDING ELEMENTS-COMPLETE BUILDING ELEMENTS-FLOORS | ||
| 650 | _aKERBS | ||
| 650 | _aPAVING | ||
| 690 | _aBUILT ENVIRONMENT-CONSTRUCTION DESIGN | ||
| 700 | _aRichardson, D. | ||
| 942 | _n0 | ||
| 999 |
_c100529 _d100529 |
||